000 00311nam a2200121Ia 4500
005 20251222140111.0
008 251222s1900||||xx |||||||||||||| ||spa||
082 _a212.7/B84
100 _aBrockman, James R.
245 0 _aTiene que Vencer el Amor:
264 _bCentro de Estudios y Publicaciones
942 _cLIB
999 _c4302
_d4302